000 00453nam a2200181Ia 4500
001 8915
003 GE_BSU
008 181216s||||||||xx |||||||||||||| ||und||
040 _cGE_BSU
245 4 _aThe Economist, February 15th-21st. 2014
245 _bNumber 8874. Volume 410
260 _aParis
260 _c2014
300 _a82p;27cm.
653 _aThe Economist. February 15th-21st. 2014
653 _aპერიოდიკა
942 _cCR
999 _c42221
_d42221